MARC

LEADER 00000nam0a2200000 4500
001 365577
005 20231102011810.0
035 |a (RuTPU)RU\TPU\retro\22940 
090 |a 365577 
100 |a 20220113d1981 k y0rusy50 ca 
101 0 |a rus 
102 |a UA 
105 |a a z 001zy 
200 1 |a Строение и вопросы корреляции четвертичных отложений Украины  |e сборник научных трудов  |f Академия наук Украинской ССР, Институт геологических наук ; под ред. В. Г. Бондарчука 
210 |a Киев  |c Наукова думка  |d 1981 
215 |a 188 с.  |c ил. 
320 |a Библиогр. в конце ст. 
606 1 |a Четвертичные отложения  |y Украина  |2 stltpush  |3 (RuTPU)RU\TPU\subj\72105  |9 85692 
610 1 |a корреляция 
610 1 |a строение 
610 1 |a вещественный состав 
610 1 |a морские отложения 
610 1 |a термолюминесцентный метод 
610 1 |a палеонтологические остатки 
610 1 |a биостратиграфические исследования 
675 |a 551.79(477)  |v 4 
702 1 |a Бондарчук  |b В. Г.  |4 340 
712 0 2 |a Академия наук Украинской ССР  |b Институт геологических наук  |c (Киев)  |c (1939-1991)  |2 stltpush  |3 (RuTPU)RU\TPU\col\12890  |9 25556 
801 1 |a RU  |b 63413507  |c 20220113 
942 |c BK